00927cam a2200277 45000010005000000030008000050050017000130080039000300350018000690400023000870410008001100820022001181000035001402450113001752500014002882600040003023000024003423500012003665040032003785200019004105260008004296500040004379420012004779990015004899520145005045256BD-RjUL20211208234034.0131224s1970 ii b 001 0 eng a(BD-RjUL)5292 aDLCcDLCdDLCbeng aeng a352.054bBHM 19701 aBhardwaj, R. K.,d1905-91652814aThe municipal administration in India :ba sociological analysis of rural and urban India /cR. K. Bhardwaj. a[1st ed.] aDelhi :bSterling Publishers,c1970 axvi, 296 p.c24 cm. aRs30.00 aBibliography: p. [289]-293. aIncludes index blaw 0aMunicipal governmentzIndia.916529 2ddccBK c5256d5256 00102ddc40718NFICaRUCLbRUCLcreadingd1974-06-22eIndia Gov. giftg0.00l0o352.054 BHM 1970r2013-12-24 00:00:00tC-1w2013-12-24yBK